000 00288nam a2200097Ia 4500
005 20251222114345.0
008 251222s1900||||xx |||||||||||||| ||spa||
082 _aDVD0093/C88/2005
245 0 _aDairy management practices:Administración de prácticas de producción de lácteos
942 _cDVD
999 _c1018
_d1018